| 000 | 00839nam a22002537a 4500 | ||
|---|---|---|---|
| 005 | 20170124110022.0 | ||
| 010 | _aA-363828 | ||
| 020 | _c225.00 | ||
| 035 | _aA-363828 | ||
| 037 | _bCen Lib/Ret | ||
| 040 |
_aDPL _bEN |
||
| 082 |
_a345.0263 _bDHO |
||
| 100 |
_aDhodi, D. R _919946 |
||
| 245 |
_aThe law of fraud benami transactions and fraudulent transfers in India / _cby D R Dhodi [and] H. L. Sarin; revised by K. M. L. Nigam |
||
| 260 |
_aAllahabad _bUniversity Book Agency _c1989 |
||
| 270 |
_a15-B, Elgin Road Post Box No. 63 _bAllahabad _e211001 |
||
| 300 |
_axxxi,436p. _c24cm(Hb) |
||
| 500 | _aIncludes index | ||
| 650 |
_aFraud -- India _919947 |
||
| 650 |
_aBenami transactions _919948 |
||
| 700 |
_aSarin, H. L. _919949 |
||
| 700 |
_aNigam, K. M. L. _919950 |
||
| 942 |
_2ddc _cEN _h345.0263 _mDHO |
||
| 999 |
_c127262 _d127262 |
||